000 00343nam a2200145Ia 4500
008 191201s2008 xx 000 0 und d
082 _a332.6
_bFIS
100 _aFISCHER, Donald
245 0 _aSecurity Analysis and Portfolio Management
250 _a6th
260 _aN.Delhi
_bPHI
_c2008
300 _a691
650 _aMBA
942 _2ddc
_cBK
999 _c3552
_d3552